Rozpoznaj Rapera po Płycie - Statystyki

Ogólne statystyki
  • Ten quiz został rozwiązany 107 razy
  • Średni wynik to 14 z 25
Statystyki odpowiedzi
Hint Odpowiedź % Poprawnych
H8M5 Białas
90%
BOA Reto
89%
Nowy Kolor Otsochodzi
88%
Wojtek Sokół Sokół
88%
Evil Things Guzior
83%
Jeszcze Pięć Minut Kizo
83%
77747mixtape Oki
80%
Szprycer Taco Hemingway
75%
Plansze Jan Rapowanie
71%
Hoodie Beteo
70%
Albinos Kabe
67%
Vanillahajs Tede
66%
Nowa Fala Young Multi
62%
Resoraki Qry
55%
Hucpa Kali
53%
Moda PlanBe
53%
Audiotele Schafter
45%
Trzech Króli Popek
30%
Fama Blacha
29%
Black Album Peja
24%
Myślisz Jeszcze? Kuban
22%
Oczka Deys
16%
Głębia Siles
13%
Gniew O.S.T.R
12%
Ała Ten Typ Mes
7%
Nie znaleziono quizów pasujących do podanych kryteriów
Rozkład punktacji
Procent ludzi z każdym wynikiem
Percentyl według liczby udzielonych odpowiedzi
Twoja historia wyników
Nie rozwiązałeś tego quizu